000 00851nam a22002657a 4500
001 2066
003 BD-RjUL
005 20211208233457.0
008 131210s1974 -uk 000 0 eng d
020 _a0710077092 (c)
020 _a0710077416 (p)
035 _a(BD-RjUL)2093
040 _aBD-RjUL
_beng
_cBD-RjUL
041 _aeng
082 _221
_a301.340973
_bCOM
245 _aCommunity work :
_bone /
_c[edited by] David Jones, Marjorie Mayo
260 _aLondon,
_aBoston :
_bRouledge & Kegan Paul,
_cc1974.
300 _axi, 277 p. ;
_c24 cm.
650 0 _a Communities.
_96765
650 0 _aSocial service
_zGreat Britain.
_96766
700 1 _aJones, David
_96767
700 1 _aMayo, Marjorie
_96768
856 4 _3WorldCat details.
_uhttp://www.worldcat.org/title/community-work-one/oclc/220412277&referer=brief_results
942 _2ddc
_cBK
999 _c2066
_d2066